| 000 | 00943cam a22003135a 4500 | ||
|---|---|---|---|
| 001 | 15266552 | ||
| 003 | OSt | ||
| 005 | 20230315101214.0 | ||
| 008 | 080418s2008 mauab b 000 0 eng | ||
| 010 | _a 2008273026 | ||
| 020 | _a1292041277 | ||
| 040 |
_aDLC _cDLC |
||
| 043 | _an-us--- | ||
| 050 | 0 | 0 |
_aHT1521 _b.P37 2014 |
| 100 | 1 | _aParrillo, Vincent N. | |
| 245 | 1 | 0 |
_aUnderstanding race and ethnic relations / _cVincent N. Parrillo. |
| 250 | _a4th ed. | ||
| 260 |
_aBoston : _bPearson/Allyn and Bacon, _c2014 |
||
| 300 | _aii, 184p. | ||
| 504 | _aIncludes bibliographical references (p. 185-204). | ||
| 650 | 0 | _aRace relations. | |
| 650 | 0 | _aEthnic relations. | |
| 650 | 0 | _aMinorities. | |
| 651 | 0 |
_aUnited States _xRace relations. |
|
| 651 | 0 |
_aUnited States _xEthnic relations. |
|
| 906 |
_a0 _bibc _corigcop _d2 _encip _f20 _gy-gencatlg |
||
| 942 |
_2lcc _cBK |
||
| 999 |
_c20058 _d20057 |
||